| 000 | 00935nam a2200229 i 4500 | ||
|---|---|---|---|
| 001 | 42033 | ||
| 003 | ES-MaACL | ||
| 005 | 20251116063053.0 | ||
| 007 | t| | ||
| 008 | 030312s1945 sp bf |||| | spa d | ||
| 100 | 1 |
_aCasas Torres, José Manuel, _d1916-2010 _936236 |
|
| 245 | 1 | 3 |
_aUn mapa de los mercados de la provincia de Teruel / _cpor J. M. Casas Torres y J[osé] Vicente Arans Azlor. |
| 260 |
_aZaragoza : _b[s.n., _c1945] ( _fTalls. Editoriales El Noticiero) |
||
| 300 |
_a19 h., 3 lám., 2 map. pleg. ; _c25 cm. |
||
| 500 | _aPrecede al tít.: Consejo Superior de Investigaciones Científicas, Instituto "Juan Sebastián Elcano" | ||
| 595 | _aSeparata de: Estudios geográficos, Año VI, n. 20-21. | ||
| 650 | 4 |
_aMercados- _zTeruel (Provincia) _9169504 |
|
| 700 | 1 |
_aArans Azlor, Vicente. _922325 |
|
| 710 | 2 |
_aInstituto "Juan Sebastián Elcano" _95113 |
|
| 852 |
_aES-MaACL _j1862-F-18 |
||
| 999 |
_c42033 _d42033 |
||